000 00744nam a2200217Ii 4500
003 JO-AjNU
008 230605s9999||||xx |||||||||||||| ||und||
017 _a2014/7/3356
020 _a978-9957-592-02-8
040 _aJO-AjNU
_bara
_erda
_cJO-AjNU
041 _aara
050 1 4 _aPJ7862 2014
100 3 _aالصمادي ، محمد علي فالح ,
_eauthor
_956947
245 0 0 _aحنين .... وسبع اخريات : تراتيل ومزامير
264 3 1 _aاربد : دار الكتاب الثقافي ، 2014
300 _a148ص
336 _atext
_btxt
_2rdacontent
337 _aunmediated
_bn
_2rdamedia
338 _avolume
_bnc
_2rdacarrier
650 4 _aالعصر الحديث - الشعر العربي الحديث
_956948
999 _aA25491
_c29059
_d29059